000
00318nam a22001337a 4500
008
171014b xxu||||| |||| 00| 0 eng d
020
_a
9781429274449
041
_a
eng
080
_a
330.101.541
100
_a
52
101
_a
MAK
245
_a
MACROECONOMICS AND THE FINANCIAL SYSTEM
_c
MANKIW, N.G
942
_2
udc
_c
BK
999
_c
33960
_d
33960